[Event "Enniscrone Sligo-ch"]
[Site "Enniscrone"]
[Date "2024.02.04"]
[Round "4"]
[White "O'Shea, Niall"]
[Black "Verlekar, Vivaan"]
[Result "0-1"]
[WhiteElo "1709"]
[BlackElo "1520"]
[PlyCount "52"]
[EventDate "2024.02.02"]
[EventType "swiss"]
[EventRounds "5"]
[EventCountry "IRL"]
[SourceTitle "CB08_2024"]
[SourceDate "2024.02.21"]
[SourceVersion "1"]
[SourceVersionDate "2024.02.21"]
[SourceQuality "1"]

1. d4 Nf6 2. c4 e6 3. a3 b6 4. Nc3 Bb7 5. f3 d5 6. cxd5 exd5 7. Nh3 Nbd7 8. Nf2 c5 9. e3 Be7 10. Bd3 Rc8 11. 0-0 0-0 12. Re1 Re8 13. e4 cxd4 14. Nb5 dxe4 15. fxe4 a6 16. Nxd4 Ne5 17. Nf5 Nxd3 18. Nxd3 Bxe4 19. Rxe4 Nxe4 20. Qg4 Bg5 21. Bxg5 Nxg5 22. Nf4 g6 23. Nh6+ Kg7 24. Rd1 Qe7 25. Nd5 Qc5+ 26. Kh1 Qxd5 0-1

[Event "Enniscrone Sligo-ch"]
[Site "Enniscrone"]
[Date "2024.02.03"]
[Round "2"]
[White "O'Shea, Niall"]
[Black "Ryan, Tiernan"]
[Result "1-0"]
[WhiteElo "1709"]
[BlackElo "1527"]
[PlyCount "66"]
[EventDate "2024.02.02"]
[EventType "swiss"]
[EventRounds "5"]
[EventCountry "IRL"]
[SourceTitle "CB08_2024"]
[SourceDate "2024.02.21"]
[SourceVersion "1"]
[SourceVersionDate "2024.02.21"]
[SourceQuality "1"]

1. d4 Nf6 2. c4 e6 3. a3 b6 4. Nc3 c5 5. d5 exd5 6. cxd5 d6 7. e4 Be7 8. Bd3 0-0 9. Nge2 Na6 10. 0-0 Nc7 11. Bf4 Ng4 12. Bg3 f5 13. exf5 Bxf5 14. Bxf5 Rxf5 15. Nf4 Ne5 16. Ne6 Nxe6 17. dxe6 d5 18. Re1 Nc6 19. Qd3 Nd4 20. Nb5 Qf8 21. Nxd4 cxd4 22. b4 a5 23. Rac1 axb4 24. axb4 Bxb4 25. e7 Bxe7 26. Rxe7 Rxf2 27. Rxg7+ Qxg7 28. Bxf2 Qg5 29. Rd1 Ra2 30. Qxd4 Qf5 31. Qxb6 Qc2 32. Qe6+ Kf8 33. Rf1 Rb2 1-0